| 000 | 00582cam a22002051 4500 | ||
|---|---|---|---|
| 001 | f 01002692 | ||
| 003 | DLC | ||
| 005 | 20260227111244.0 | ||
| 008 | 740225s1896 xx 000 0 fre | ||
| 010 | _af 01002692 | ||
| 035 | _a(OCoLC)812814 | ||
| 040 |
_aDLC _cCtFaU _dDLC |
||
| 042 | _apremarc | ||
| 050 | 0 | 0 |
_aPQ2450.T2 _bA17 1896 |
| 100 | 1 |
_aTheuriet, André, _d1833-1907. |
|
| 245 | 0 | 0 | _aPoésies, 1874-1894; Le livre de la payse -- Jardin d'automne. |
| 260 |
_aParis, _bA. Lemerre, _c1896. |
||
| 300 |
_a278p. _c16cm. |
||
| 500 | _aHalf-title: OEuvres de André Theuriet. | ||
| 999 |
_c22904 _d22904 |
||